• 首页
  • 本馆介绍
  • 公告通知
  • 最新文献
  • 馆藏检索
  • 电子资源
  • 读者导购
  • 参考咨询
  • 我的图书馆
  • 登录
  • 详细信息显示
  • 放入我的书架
  • 预约/预借图书
  • 作者相关作品
  • 分类相关作品
  • 丛书相关作品
  • 出版社相关作品

书目信息

  • 表格格式
  • 工作单格式
  • 卡片格式
题名:
天下名山
    
 
作者: ;北京未来新世纪教育科学研究所 编
分册:  
出版信息: 呼和浩特   远方出版社  2005
页数: 164页
开本: 21cm
丛书名: 中国少年素质教育系列
单 册:
中图分类: K918.3
科图分类:
主题词: 山--简介--世界 , 山
电子资源:
ISBN: 7-80595-653-7
000 01004oam2 2200277 45
001 0120062000221
005 20070705154331.42
010    @a7-80595-653-7@dCNY396.00(全30册)
092    @aCN@b501505
100    @a20060809d2005 em y0chiy0120 ea
101 0  @achi
102    @aCN@b150000
105    @aa z 000yy
200 1  @a天下名山@Atian xia ming shan@f北京未来新世纪教育科学研究所编@Fbei jing wei lai xin shi ji jiao yu ke xue yan jiu suo bian
205    @a修订版
210    @a呼和浩特@c远方出版社@d2005
215    @a164页@c图@d21cm
225 2  @a中国少年素质教育系列
330    @a本书分中国部分、外国部分介绍了亚洲、非洲、欧洲、美洲等地的著名山脉,其中包括珠穆朗玛峰、泰山、富士山、阿尔卑斯山、高加索山等。
461  0 @12001 @a中国少年素质教育系列
606 0  @a山@x简介@y世界
606 0  @a山
690    @aK918.3@v4
711 02 @a北京未来新世纪教育科学研究所@Abei jing wei lai xin shi ji jiao yu ke xue yan jiu suo@4编
801  0 @aCN@bLZJBOOK@c20070705
905    @a10447@dK918.3@e162=2
    
    天下名山/北京未来新世纪教育科学研究所编.-修订版.-呼和浩特:远方出版社,2005
    164页:图;21cm.-(中国少年素质教育系列)
    
    
    ISBN 7-80595-653-7:CNY396.00(全30册)
    本书分中国部分、外国部分介绍了亚洲、非洲、欧洲、美洲等地的著名山脉,其中包括珠穆朗玛峰、泰山、富士山、阿尔卑斯山、高加索山等。
●
相关链接 在E读中查询图书 在五车中查询图书 在当当中查询图书 在豆瓣中查询图书


正题名:天下名山     索取号:K918.3/162=2         预约/预借

序号 登录号 条形码 馆藏地/架位号 状态 备注
1 0552252   205522521   第二样本阅览室/ [索取号:K918.3/162=2] 在馆    
2 0552253   205522530   密集书库/ [索取号:K918.3/162=2] 在馆    
3 0552254   205522549   第二借阅区/ [索取号:K918.3/162=2] 在馆    
4 0552255   205522558   第二借阅区/ [索取号:K918.3/162=2] 在馆    
5 0552256   205522567   第二借阅区/ [索取号:K918.3/162=2] 在馆    
6 0552257   205522576   第二借阅区/ [索取号:K918.3/162=2] 在馆    
7 0552258   205522585   密集书库/ [索取号:K918.3/162=2] 在馆    
8 0552259   205522594   密集书库/ [索取号:K918.3/162=2] 在馆    
唐山师范学院图书馆 欢迎您!
大连网信软件有限公司© 版权所有